000 00557nam a2200181Ia 4500
001 2315
005 20260306144758.0
008 260306t2015||||xx |||||||||||||| ||spa||
041 _aESP
082 _a616.8589
_bI83
100 _aIsorna Folgar, Manuel
_eAUT
245 0 _aTrastorno por déficit de atención con hiperactividad (TDAH):
_bconcepto, comorbilidad, diagnóstico, tratamiento y orientaciones para familiares y educadores
260 _c2015
300 _a247 páginas :
_c24 cm.
650 _aGEN
654 _aCPS
942 _cLIB
_dJUS
_fJUS
_2ddc
_n
999 _c2315
_d2315